000 00342nam a2200145 i 4500
001 bg
100 1 _aMALZACHER, Stanisław
245 0 _aPodstawy elektroniki /
_cStanisław Malzacher.
250 _aWyd.6 zmien.
260 _aWarszawa,
_c1971.
040 _cBPK
041 _apol
942 _cKS
008 s pl f |000 0 pol
999 _c7294
_d7294
856 _uhttp://koha.tu.koszalin.pl/cgi-bin/koha/opac-detail.pl?biblionumber=7294
_yKatalog online BPK